[Event "April 9 Early 2024"]
[Site "Chess.com"]
[Date "2024.04.09"]
[Round "6"]
[White "Yanchenko, Roman"]
[Black "Krallis, Christos"]
[Result "1-0"]
[Board "54"]
[WhiteFideId "4137329"]
[BlackFideId "4298896"]
[WhiteTitle "FM"]
[BlackTitle "FM"]
[WhiteElo "2857"]
[BlackElo "2649"]
[WhiteTeam "RUS"]
[BlackTeam "GRE"]
[WhiteClock "0:01:42"]
[BlackClock "0:00:02"]
[Variant "Standard"]

1. d4 {[%clk 0:03:00]}  d5 {[%clk 0:02:57]} 2. Nf3 {[%clk 0:03:00]}  Nf6 {[%clk 0:02:56]} 3. Bf4 {[%clk 0:03:01]}  c5 {[%clk 0:02:53]} 4. e3 {[%clk 0:03:01]}  e6 {[%clk 0:02:52]} 5. a3 {[%clk 0:03:01]}  Nc6 {[%clk 0:02:37]} 6. h3 {[%clk 0:03:00]}  a6 {[%clk 0:02:19]} 7. c4 {[%clk 0:02:57]}  dxc4 {[%clk 0:02:15]} 8. Bxc4 {[%clk 0:02:56]}  Bd6 {[%clk 0:02:04]} 9. dxc5 {[%clk 0:02:53]}  Bxc5 {[%clk 0:01:58]} 10. Qxd8+ {[%clk 0:02:53]}  Nxd8 {[%clk 0:01:55]} 11. b4 {[%clk 0:02:53]}  Be7 {[%clk 0:01:53]} 12. Nbd2 {[%clk 0:02:47]}  b5 {[%clk 0:01:51]} 13. Be2 {[%clk 0:02:47]}  Bb7 {[%clk 0:01:50]} 14. Nb3 {[%clk 0:02:46]}  Nd5 {[%clk 0:01:48]} 15. Be5 {[%clk 0:02:45]}  f6 {[%clk 0:01:48]} 16. Bb2 {[%clk 0:02:45]}  e5 {[%clk 0:01:47]} 17. Rc1 {[%clk 0:02:39]}  Rc8 {[%clk 0:01:46]} 18. O-O {[%clk 0:02:38]}  Nb6 {[%clk 0:01:29]} 19. Rxc8 {[%clk 0:02:35]}  Bxc8 {[%clk 0:01:26]} 20. Rc1 {[%clk 0:02:34]}  Be6 {[%clk 0:01:21]} 21. Nfd2 {[%clk 0:02:26]}  O-O {[%clk 0:01:03]} 22. f4 {[%clk 0:02:24]}  exf4 {[%clk 0:00:59]} 23. exf4 {[%clk 0:02:24]}  Bd6 {[%clk 0:01:00]} 24. Bd4 {[%clk 0:02:20]}  Nd5 {[%clk 0:00:53]} 25. g3 {[%clk 0:02:15]}  Bxh3 {[%clk 0:00:48]} 26. Ne4 {[%clk 0:02:15]}  Re8 {[%clk 0:00:42]} 27. Bf3 {[%clk 0:02:13]}  Bf8 {[%clk 0:00:42]} 28. Nbc5 {[%clk 0:02:06]}  Nc6 {[%clk 0:00:32]} 29. Nxf6+ {[%clk 0:02:01]}  Nxf6 {[%clk 0:00:28]} 30. Bxc6 {[%clk 0:02:01]}  Bxc5 {[%clk 0:00:22]} 31. bxc5 {[%clk 0:01:58]}  Re2 {[%clk 0:00:18]} 32. Bb7 {[%clk 0:01:56]}  Ng4 {[%clk 0:00:15]} 33. Bd5+ {[%clk 0:01:53]}  Kf8 {[%clk 0:00:14]} 34. c6 {[%clk 0:01:53]}  Nf6 {[%clk 0:00:08]} 35. Bf3 {[%clk 0:01:47]}  Rd2 {[%clk 0:00:06]} 36. Bxf6 {[%clk 0:01:43]}  gxf6 {[%clk 0:00:07]} 37. g4 {[%clk 0:01:43]}  Rd8 {[%clk 0:00:03]} 38. c7 {[%clk 0:01:43]}  Rc8 {[%clk 0:00:03]} 39. Bb7 {[%clk 0:01:40]}  Bxg4 {[%clk 0:00:03]} 40. Bxc8 {[%clk 0:01:41]}  Bxc8 {[%clk 0:00:04]} 41. Rd1 {[%clk 0:01:41]}  Ke7 {[%clk 0:00:04]} 42. Rd8 {[%clk 0:01:42]}  Bd7 {[%clk 0:00:02]} 43. c8=Q {[%clk 0:01:42]} 1-0

[Event "April 9 Early 2024"]
[Site "Chess.com"]
[Date "2024.04.09"]
[Round "6"]
[White "Weetik, Vjacheslav"]
[Black "Schoorl, Rob"]
[Result "1-0"]
[Board "58"]
[WhiteFideId "4153472"]
[BlackFideId "1009508"]
[WhiteTitle "FM"]
[BlackTitle "FM"]
[WhiteElo "2785"]
[BlackElo "2538"]
[WhiteTeam "RUS"]
[BlackTeam "NED"]
[WhiteClock "0:00:02"]
[BlackClock "0:00:11"]
[Variant "Standard"]

1. d4 {[%clk 0:02:59]}  Nf6 {[%clk 0:02:59]} 2. c4 {[%clk 0:02:59]}  g6 {[%clk 0:02:59]} 3. Nc3 {[%clk 0:02:58]}  c5 {[%clk 0:02:59]} 4. d5 {[%clk 0:02:54]}  Bg7 {[%clk 0:02:59]} 5. e4 {[%clk 0:02:54]}  d6 {[%clk 0:02:59]} 6. h3 {[%clk 0:02:51]}  O-O {[%clk 0:02:59]} 7. Bd3 {[%clk 0:02:52]}  e6 {[%clk 0:02:59]} 8. Nf3 {[%clk 0:02:51]}  exd5 {[%clk 0:02:59]} 9. cxd5 {[%clk 0:02:51]}  b5 {[%clk 0:02:58]} 10. Nxb5 {[%clk 0:02:46]}  Re8 {[%clk 0:02:56]} 11. O-O {[%clk 0:02:39]}  Nxe4 {[%clk 0:02:55]} 12. Re1 {[%clk 0:02:37]}  a6 {[%clk 0:02:55]} 13. Na3 {[%clk 0:02:29]}  Nf6 {[%clk 0:02:54]} 14. Rxe8+ {[%clk 0:02:24]}  Nxe8 {[%clk 0:02:55]} 15. Nc4 {[%clk 0:02:24]}  Bb7 {[%clk 0:02:43]} 16. Bf1 {[%clk 0:02:19]}  Nd7 {[%clk 0:02:39]} 17. Bf4 {[%clk 0:02:13]}  Nb6 {[%clk 0:02:39]} 18. Ne3 {[%clk 0:02:06]}  Nf6 {[%clk 0:02:19]} 19. Nc4 {[%clk 0:02:03]}  Ne8 {[%clk 0:02:17]} 20. Nxb6 {[%clk 0:01:49]}  Qxb6 {[%clk 0:02:16]} 21. Bc4 {[%clk 0:01:49]}  Nc7 {[%clk 0:02:02]} 22. Rb1 {[%clk 0:01:30]}  Re8 {[%clk 0:01:57]} 23. Be3 {[%clk 0:01:16]}  a5 {[%clk 0:01:53]} 24. a3 {[%clk 0:01:04]}  Ba6 {[%clk 0:01:48]} 25. Bxa6 {[%clk 0:00:56]}  Qxa6 {[%clk 0:01:48]} 26. b4 {[%clk 0:00:55]}  cxb4 {[%clk 0:01:39]} 27. axb4 {[%clk 0:00:56]}  a4 {[%clk 0:01:39]} 28. Bd4 {[%clk 0:00:49]}  a3 {[%clk 0:01:30]} 29. Bxg7 {[%clk 0:00:48]}  Kxg7 {[%clk 0:01:31]} 30. Nd4 {[%clk 0:00:46]}  a2 {[%clk 0:01:25]} 31. Ra1 {[%clk 0:00:39]}  Qc4 {[%clk 0:01:16]} 32. Nb3 {[%clk 0:00:24]}  Ra8 {[%clk 0:01:10]} 33. Na5 {[%clk 0:00:22]}  Qxd5 {[%clk 0:01:08]} 34. Qc2 {[%clk 0:00:15]}  Qd4 {[%clk 0:00:54]} 35. Rxa2 {[%clk 0:00:10]}  Qxb4 {[%clk 0:00:52]} 36. Nc4 {[%clk 0:00:02]}  Rxa2 {[%clk 0:00:42]} 37. Qxa2 {[%clk 0:00:03]}  d5 {[%clk 0:00:42]} 38. Ne3 {[%clk 0:00:03]}  d4 {[%clk 0:00:40]} 39. Nf1 {[%clk 0:00:04]}  Qc3 {[%clk 0:00:37]} 40. Qa7 {[%clk 0:00:04]}  d3 {[%clk 0:00:35]} 41. Qe3 {[%clk 0:00:04]}  Nd5 {[%clk 0:00:34]} 42. Qd2 {[%clk 0:00:02]}  Qc2 {[%clk 0:00:29]} 43. g3 {[%clk 0:00:02]}  Nc3 {[%clk 0:00:28]} 44. Qe3 {[%clk 0:00:01]}  Nd1 {[%clk 0:00:17]} 45. Qd4+ {[%clk 0:00:02]}  f6 {[%clk 0:00:15]} 46. Qd7+ {[%clk 0:00:02]}  Kh6 {[%clk 0:00:16]} 47. Qd4 {[%clk 0:00:01]}  Kg7 {[%clk 0:00:14]} 48. Qd7+ {[%clk 0:00:01]}  Kh6 {[%clk 0:00:14]} 49. Qd4 {[%clk 0:00:02]}  Qe2 {[%clk 0:00:14]} 50. Qxf6 {[%clk 0:00:01]}  d2 {[%clk 0:00:12]} 51. Qf8+ {[%clk 0:00:02]}  Kg5 {[%clk 0:00:10]} 52. Qf4+ {[%clk 0:00:01]}  Kh5 {[%clk 0:00:11]} 53. Qh4# {[%clk 0:00:02]} 1-0

[Event "April 9 Early 2024"]
[Site "Chess.com"]
[Date "2024.04.09"]
[Round "6"]
[White "Shapiro, Viktor"]
[Black "Puranik, Abhimanyu"]
[Result "0-1"]
[Board "61"]
[WhiteFideId "4175700"]
[BlackFideId "5061245"]
[WhiteTitle "FM"]
[BlackTitle "GM"]
[WhiteElo "2629"]
[BlackElo "2900"]
[WhiteTeam "RUS"]
[BlackTeam "IND"]
[WhiteClock "0:00:25"]
[BlackClock "0:01:01"]
[Variant "Standard"]

1. c4 {[%clk 0:03:00]}  Nf6 {[%clk 0:02:56]} 2. Nc3 {[%clk 0:03:01]}  c5 {[%clk 0:02:51]} 3. g3 {[%clk 0:03:00]}  g6 {[%clk 0:02:50]} 4. Bg2 {[%clk 0:03:00]}  Bg7 {[%clk 0:02:51]} 5. Nf3 {[%clk 0:02:58]}  Nc6 {[%clk 0:02:50]} 6. O-O {[%clk 0:02:58]}  d6 {[%clk 0:02:50]} 7. d3 {[%clk 0:02:58]}  O-O {[%clk 0:02:49]} 8. a3 {[%clk 0:02:58]}  Rb8 {[%clk 0:02:47]} 9. Rb1 {[%clk 0:02:57]}  Nd4 {[%clk 0:02:46]} 10. e3 {[%clk 0:02:40]}  Nxf3+ {[%clk 0:02:43]} 11. Bxf3 {[%clk 0:02:40]}  Bf5 {[%clk 0:02:39]} 12. b4 {[%clk 0:02:38]}  b6 {[%clk 0:02:35]} 13. Bb2 {[%clk 0:02:35]}  Qd7 {[%clk 0:02:32]} 14. Re1 {[%clk 0:02:29]}  h5 {[%clk 0:02:29]} 15. h4 {[%clk 0:02:26]}  Ng4 {[%clk 0:02:27]} 16. Nd5 {[%clk 0:02:17]}  Ne5 {[%clk 0:02:08]} 17. Be2 {[%clk 0:02:09]}  b5 {[%clk 0:01:55]} 18. Bxe5 {[%clk 0:02:01]}  Bxe5 {[%clk 0:01:53]} 19. bxc5 {[%clk 0:01:58]}  dxc5 {[%clk 0:01:40]} 20. Bxh5 {[%clk 0:01:30]}  bxc4 {[%clk 0:01:14]} 21. Rxb8 {[%clk 0:01:29]}  Rxb8 {[%clk 0:01:13]} 22. dxc4 {[%clk 0:01:29]}  Rb1 {[%clk 0:01:12]} 23. e4 {[%clk 0:00:55]}  Rxd1 {[%clk 0:01:09]} 24. Rxd1 {[%clk 0:00:55]}  gxh5 {[%clk 0:01:04]} 25. exf5 {[%clk 0:00:38]}  Kf8 {[%clk 0:01:02]} 26. Ne3 {[%clk 0:00:30]}  Bd4 {[%clk 0:01:02]} 27. Kg2 {[%clk 0:00:25]}  Qc6+ {[%clk 0:01:01]} 0-1

[Event "April 9 Early 2024"]
[Site "Chess.com"]
[Date "2024.04.09"]
[Round "6"]
[White "Beerdsen, Thomas"]
[Black "Rendle, Thomas E"]
[Result "1-0"]
[Board "66"]
[WhiteFideId "1030108"]
[BlackFideId "408760"]
[WhiteTitle "GM"]
[BlackTitle "IM"]
[WhiteElo "2852"]
[BlackElo "2610"]
[WhiteTeam "NED"]
[BlackTeam "ENG"]
[WhiteClock "0:01:13"]
[BlackClock "0:00:22"]
[Variant "Standard"]

1. e4 {[%clk 0:03:00]}  e6 {[%clk 0:02:59]} 2. c4 {[%clk 0:03:00]}  d5 {[%clk 0:02:59]} 3. cxd5 {[%clk 0:03:01]}  exd5 {[%clk 0:03:00]} 4. Qb3 {[%clk 0:03:01]}  Nf6 {[%clk 0:02:45]} 5. e5 {[%clk 0:03:01]}  Ne4 {[%clk 0:02:44]} 6. Nc3 {[%clk 0:03:02]}  Nc6 {[%clk 0:02:34]} 7. Nf3 {[%clk 0:03:00]}  Nxc3 {[%clk 0:02:32]} 8. bxc3 {[%clk 0:02:57]}  Be7 {[%clk 0:02:28]} 9. d4 {[%clk 0:02:58]}  O-O {[%clk 0:02:27]} 10. Bd3 {[%clk 0:02:58]}  f6 {[%clk 0:02:23]} 11. exf6 {[%clk 0:02:50]}  Bxf6 {[%clk 0:02:22]} 12. O-O {[%clk 0:02:51]}  Bg4 {[%clk 0:02:18]} 13. Qxb7 {[%clk 0:02:44]}  Ne7 {[%clk 0:01:53]} 14. Ne5 {[%clk 0:02:39]}  Rb8 {[%clk 0:01:47]} 15. Qxa7 {[%clk 0:02:35]}  Bxe5 {[%clk 0:01:47]} 16. dxe5 {[%clk 0:02:35]}  Nf5 {[%clk 0:01:47]} 17. f3 {[%clk 0:02:24]}  Bh5 {[%clk 0:01:46]} 18. Bxf5 {[%clk 0:02:19]}  Rxf5 {[%clk 0:01:44]} 19. g4 {[%clk 0:02:20]}  Bxg4 {[%clk 0:01:43]} 20. fxg4 {[%clk 0:02:21]}  Rxf1+ {[%clk 0:01:43]} 21. Kxf1 {[%clk 0:02:22]}  Rb6 {[%clk 0:01:38]} 22. Be3 {[%clk 0:02:05]}  Rb2 {[%clk 0:01:31]} 23. Bf2 {[%clk 0:01:59]}  Qd7 {[%clk 0:01:13]} 24. e6 {[%clk 0:01:43]}  Qb5+ {[%clk 0:01:04]} 25. Kg1 {[%clk 0:01:42]}  h5 {[%clk 0:00:58]} 26. Qe3 {[%clk 0:01:37]}  Re2 {[%clk 0:00:55]} 27. Qc5 {[%clk 0:01:28]}  Qa4 {[%clk 0:00:51]} 28. Bd4 {[%clk 0:01:14]}  Qc2 {[%clk 0:00:46]} 29. Qxd5 {[%clk 0:01:13]}  Re4 {[%clk 0:00:22]} 30. e7+ {[%clk 0:01:13]} 1-0

[Event "April 9 Early 2024"]
[Site "Chess.com"]
[Date "2024.04.09"]
[Round "6"]
[White "Novoselov, Roman"]
[Black "Zou, Chen"]
[Result "0-1"]
[Board "69"]
[WhiteFideId "4135067"]
[BlackFideId "8610959"]
[WhiteTitle "FM"]
[BlackTitle "IM"]
[WhiteElo "2608"]
[BlackElo "2839"]
[WhiteTeam "RUS"]
[BlackTeam "CHN"]
[WhiteClock "0:00:00"]
[BlackClock "0:00:36"]
[Variant "Standard"]

1. e4 {[%clk 0:03:00]}  c5 {[%clk 0:02:58]} 2. Nc3 {[%clk 0:03:00]}  d6 {[%clk 0:02:58]} 3. g3 {[%clk 0:03:00]}  g6 {[%clk 0:02:57]} 4. Bg2 {[%clk 0:03:00]}  Bg7 {[%clk 0:02:57]} 5. d3 {[%clk 0:03:01]}  Nc6 {[%clk 0:02:57]} 6. Be3 {[%clk 0:02:59]}  Rb8 {[%clk 0:02:56]} 7. a4 {[%clk 0:02:59]}  a6 {[%clk 0:02:56]} 8. f4 {[%clk 0:02:42]}  Nd4 {[%clk 0:02:52]} 9. Nf3 {[%clk 0:02:36]}  Bg4 {[%clk 0:02:48]} 10. h3 {[%clk 0:02:36]}  Bxf3 {[%clk 0:02:48]} 11. Bxf3 {[%clk 0:02:37]}  e6 {[%clk 0:02:48]} 12. O-O {[%clk 0:02:35]}  Ne7 {[%clk 0:02:48]} 13. Bg2 {[%clk 0:02:32]}  O-O {[%clk 0:02:44]} 14. Qd2 {[%clk 0:02:06]}  b5 {[%clk 0:02:44]} 15. axb5 {[%clk 0:02:05]}  axb5 {[%clk 0:02:45]} 16. Rae1 {[%clk 0:01:58]}  b4 {[%clk 0:02:43]} 17. Nd1 {[%clk 0:01:58]}  b3 {[%clk 0:02:41]} 18. c3 {[%clk 0:01:54]}  Nc2 {[%clk 0:02:42]} 19. Re2 {[%clk 0:01:53]}  Nxe3 {[%clk 0:02:42]} 20. Nxe3 {[%clk 0:01:52]}  Qd7 {[%clk 0:02:34]} 21. f5 {[%clk 0:01:47]}  Bh6 {[%clk 0:02:34]} 22. Ng4 {[%clk 0:01:28]}  Bxd2 {[%clk 0:02:07]} 23. Nf6+ {[%clk 0:01:28]}  Kh8 {[%clk 0:02:05]} 24. Nxd7 {[%clk 0:01:29]}  Bh6 {[%clk 0:02:05]} 25. Nxf8 {[%clk 0:01:19]}  Bxf8 {[%clk 0:02:04]} 26. fxe6 {[%clk 0:01:12]}  fxe6 {[%clk 0:02:05]} 27. Ra1 {[%clk 0:01:13]}  Nc6 {[%clk 0:02:00]} 28. Bf1 {[%clk 0:00:35]}  Ne5 {[%clk 0:01:59]} 29. Rf2 {[%clk 0:00:31]}  Re8 {[%clk 0:01:32]} 30. Kg2 {[%clk 0:00:28]}  Be7 {[%clk 0:01:23]} 31. Ra7 {[%clk 0:00:26]}  Bg5 {[%clk 0:01:09]} 32. d4 {[%clk 0:00:20]}  cxd4 {[%clk 0:01:03]} 33. cxd4 {[%clk 0:00:20]}  Be3 {[%clk 0:01:04]} 34. dxe5 {[%clk 0:00:07]}  Bxa7 {[%clk 0:01:03]} 35. Rf3 {[%clk 0:00:06]}  dxe5 {[%clk 0:00:59]} 36. Rxb3 {[%clk 0:00:07]}  Rd8 {[%clk 0:00:54]} 37. Rd3 {[%clk 0:00:03]}  Rb8 {[%clk 0:00:54]} 38. b3 {[%clk 0:00:03]}  Bd4 {[%clk 0:00:54]} 39. Be2 {[%clk 0:00:03]}  Kg7 {[%clk 0:00:54]} 40. Bd1 {[%clk 0:00:03]}  Kf6 {[%clk 0:00:54]} 41. Rf3+ {[%clk 0:00:03]}  Ke7 {[%clk 0:00:54]} 42. Be2 {[%clk 0:00:04]}  Ra8 {[%clk 0:00:54]} 43. Bc4 {[%clk 0:00:04]}  Ra2+ {[%clk 0:00:54]} 44. Kh1 {[%clk 0:00:04]}  Rb2 {[%clk 0:00:54]} 45. h4 {[%clk 0:00:04]}  h6 {[%clk 0:00:53]} 46. Rf1 {[%clk 0:00:04]}  g5 {[%clk 0:00:42]} 47. hxg5 {[%clk 0:00:04]}  hxg5 {[%clk 0:00:43]} 48. g4 {[%clk 0:00:04]}  Be3 {[%clk 0:00:43]} 49. Rd1 {[%clk 0:00:04]}  Bd4 {[%clk 0:00:41]} 50. Rf1 {[%clk 0:00:03]}  Rc2 {[%clk 0:00:39]} 51. Rd1 {[%clk 0:00:03]}  Rc3 {[%clk 0:00:38]} 52. Kg2 {[%clk 0:00:03]}  Re3 {[%clk 0:00:36]} 53. Bd3 {[%clk 0:00:00]}  Kd6 {[%clk 0:00:36]} 0-1

[Event "April 9 Early 2024"]
[Site "Chess.com"]
[Date "2024.04.09"]
[Round "6"]
[White "Laddha, Shubh Jayesh"]
[Black "Narayanan, Srinath"]
[Result "1-0"]
[Board "71"]
[WhiteFideId "30942799"]
[BlackFideId "5018420"]
[WhiteTitle "FM"]
[BlackTitle "GM"]
[WhiteElo "2604"]
[BlackElo "2801"]
[WhiteTeam "USA"]
[BlackTeam "IND"]
[WhiteClock "0:00:27"]
[BlackClock "0:01:03"]
[Variant "Standard"]

1. e4 {[%clk 0:03:00]}  c5 {[%clk 0:03:00]} 2. Nf3 {[%clk 0:02:57]}  d6 {[%clk 0:03:00]} 3. d4 {[%clk 0:02:58]}  cxd4 {[%clk 0:03:01]} 4. Nxd4 {[%clk 0:02:59]}  Nf6 {[%clk 0:03:02]} 5. Nc3 {[%clk 0:02:59]}  Nc6 {[%clk 0:03:03]} 6. Bg5 {[%clk 0:02:59]}  e6 {[%clk 0:03:03]} 7. Qd2 {[%clk 0:03:00]}  a6 {[%clk 0:03:04]} 8. O-O-O {[%clk 0:03:01]}  Be7 {[%clk 0:03:04]} 9. f4 {[%clk 0:02:59]}  Bd7 {[%clk 0:03:03]} 10. Nf3 {[%clk 0:02:56]}  b5 {[%clk 0:03:03]} 11. Bxf6 {[%clk 0:02:54]}  gxf6 {[%clk 0:03:04]} 12. Kb1 {[%clk 0:02:50]}  Qb6 {[%clk 0:03:04]} 13. f5 {[%clk 0:02:47]}  O-O-O {[%clk 0:03:02]} 14. g3 {[%clk 0:02:47]}  Kb8 {[%clk 0:03:02]} 15. Bh3 {[%clk 0:02:47]}  Rhe8 {[%clk 0:03:02]} 16. Rhe1 {[%clk 0:02:43]}  Bc8 {[%clk 0:03:00]} 17. Qh6 {[%clk 0:02:31]}  b4 {[%clk 0:02:39]} 18. Ne2 {[%clk 0:02:23]}  Ne5 {[%clk 0:02:36]} 19. Nfd4 {[%clk 0:02:15]}  d5 {[%clk 0:02:33]} 20. fxe6 {[%clk 0:02:00]}  fxe6 {[%clk 0:02:32]} 21. Nf4 {[%clk 0:01:44]}  dxe4 {[%clk 0:02:26]} 22. Ndxe6 {[%clk 0:01:25]}  Rxd1+ {[%clk 0:02:27]} 23. Rxd1 {[%clk 0:01:26]}  Bxe6 {[%clk 0:01:44]} 24. Nxe6 {[%clk 0:01:17]}  Nc4 {[%clk 0:01:45]} 25. Ka1 {[%clk 0:00:55]}  f5 {[%clk 0:01:36]} 26. Bxf5 {[%clk 0:00:40]}  Ne3 {[%clk 0:01:34]} 27. Qf4+ {[%clk 0:00:38]}  Ka8 {[%clk 0:01:25]} 28. Qxe4+ {[%clk 0:00:37]}  Kb8 {[%clk 0:01:22]} 29. Qe5+ {[%clk 0:00:28]}  Ka8 {[%clk 0:01:03]} 30. Be4+ {[%clk 0:00:27]} 1-0

[Event "April 9 Early 2024"]
[Site "Chess.com"]
[Date "2024.04.09"]
[Round "6"]
[White "Mikhailovsky, Vladimir"]
[Black "Teterev, Vitaly"]
[Result "0-1"]
[Board "73"]
[WhiteFideId "34105414"]
[BlackFideId "13501429"]
[WhiteTitle "CM"]
[BlackTitle "GM"]
[WhiteElo "2794"]
[BlackElo "2595"]
[WhiteTeam "RUS"]
[BlackTeam "BLR"]
[WhiteClock "0:00:03"]
[BlackClock "0:00:25"]
[Variant "Standard"]

1. e4 {[%clk 0:03:00]}  c5 {[%clk 0:02:59]} 2. Nf3 {[%clk 0:03:00]}  d6 {[%clk 0:02:59]} 3. d4 {[%clk 0:03:00]}  cxd4 {[%clk 0:02:59]} 4. Nxd4 {[%clk 0:03:01]}  Nf6 {[%clk 0:03:00]} 5. Nc3 {[%clk 0:03:02]}  a6 {[%clk 0:03:00]} 6. Rg1 {[%clk 0:03:02]}  h5 {[%clk 0:02:51]} 7. Be3 {[%clk 0:03:01]}  g6 {[%clk 0:02:49]} 8. h3 {[%clk 0:02:55]}  e5 {[%clk 0:02:44]} 9. Nb3 {[%clk 0:02:54]}  Be6 {[%clk 0:02:43]} 10. Qf3 {[%clk 0:02:42]}  Nbd7 {[%clk 0:02:42]} 11. O-O-O {[%clk 0:02:42]}  Rc8 {[%clk 0:02:40]} 12. g4 {[%clk 0:02:22]}  hxg4 {[%clk 0:02:38]} 13. hxg4 {[%clk 0:02:23]}  Rxc3 {[%clk 0:02:31]} 14. bxc3 {[%clk 0:02:24]}  Qc7 {[%clk 0:02:31]} 15. g5 {[%clk 0:02:19]}  Nh5 {[%clk 0:02:23]} 16. Kb2 {[%clk 0:01:47]}  Be7 {[%clk 0:02:18]} 17. Bh3 {[%clk 0:01:41]}  Bxh3 {[%clk 0:02:09]} 18. Qxh3 {[%clk 0:01:42]}  a5 {[%clk 0:02:08]} 19. a4 {[%clk 0:01:40]}  b5 {[%clk 0:02:04]} 20. Ra1 {[%clk 0:01:05]}  bxa4 {[%clk 0:01:45]} 21. Rxa4 {[%clk 0:01:05]}  O-O {[%clk 0:01:45]} 22. Rxa5 {[%clk 0:01:00]}  Rc8 {[%clk 0:01:43]} 23. c4 {[%clk 0:00:22]}  Qxc4 {[%clk 0:01:19]} 24. Qxd7 {[%clk 0:00:21]}  Qxc2+ {[%clk 0:01:19]} 25. Ka3 {[%clk 0:00:17]}  Rb8 {[%clk 0:01:19]} 26. Rb5 {[%clk 0:00:10]}  Ra8+ {[%clk 0:00:57]} 27. Ra5 {[%clk 0:00:10]}  Rb8 {[%clk 0:00:44]} 28. Rb5 {[%clk 0:00:11]}  Ra8+ {[%clk 0:00:26]} 29. Kb4 {[%clk 0:00:11]}  d5+ {[%clk 0:00:25]} 30. Rc5 {[%clk 0:00:03]}  Qc4# {[%clk 0:00:25]} 0-1

[Event "April 9 Early 2024"]
[Site "Chess.com"]
[Date "2024.04.09"]
[Round "6"]
[White "Kushko, Dmitriy"]
[Black "Jaiveer Mahendru"]
[Result "0-1"]
[Board "74"]
[WhiteFideId "14162261"]
[BlackFideId "25611151"]
[WhiteTitle "IM"]
[BlackTitle "FM"]
[WhiteElo "2793"]
[BlackElo "2594"]
[WhiteTeam "UKR"]
[BlackTeam "IND"]
[WhiteClock "0:00:00"]
[BlackClock "0:00:29"]
[Variant "Standard"]

1. g3 {[%clk 0:03:00]}  Nf6 {[%clk 0:02:58]} 2. Bg2 {[%clk 0:03:01]}  g6 {[%clk 0:02:59]} 3. d4 {[%clk 0:03:01]}  Bg7 {[%clk 0:03:00]} 4. e4 {[%clk 0:03:01]}  d6 {[%clk 0:03:00]} 5. Nc3 {[%clk 0:03:02]}  O-O {[%clk 0:03:00]} 6. Nf3 {[%clk 0:03:03]}  c6 {[%clk 0:02:58]} 7. O-O {[%clk 0:03:03]}  Qc7 {[%clk 0:02:59]} 8. a4 {[%clk 0:02:59]}  a5 {[%clk 0:02:57]} 9. h3 {[%clk 0:02:55]}  e5 {[%clk 0:02:57]} 10. Be3 {[%clk 0:02:54]}  Na6 {[%clk 0:02:57]} 11. Qd2 {[%clk 0:02:49]}  Nb4 {[%clk 0:02:57]} 12. Rad1 {[%clk 0:02:49]}  b6 {[%clk 0:02:37]} 13. Rfe1 {[%clk 0:02:46]}  Ba6 {[%clk 0:02:35]} 14. Nh2 {[%clk 0:02:32]}  Rfd8 {[%clk 0:02:31]} 15. d5 {[%clk 0:02:19]}  c5 {[%clk 0:02:25]} 16. Bf1 {[%clk 0:02:13]}  Bxf1 {[%clk 0:02:19]} 17. Nxf1 {[%clk 0:02:07]}  Qd7 {[%clk 0:02:20]} 18. Kg2 {[%clk 0:02:07]}  Ne8 {[%clk 0:02:05]} 19. Nb5 {[%clk 0:01:55]}  f5 {[%clk 0:02:02]} 20. c3 {[%clk 0:01:44]}  Na6 {[%clk 0:02:00]} 21. Qd3 {[%clk 0:01:44]}  Nf6 {[%clk 0:01:57]} 22. Bg5 {[%clk 0:01:42]}  Rf8 {[%clk 0:01:53]} 23. Bxf6 {[%clk 0:01:42]}  Rxf6 {[%clk 0:01:52]} 24. Nd2 {[%clk 0:01:40]}  Nc7 {[%clk 0:01:47]} 25. Nxc7 {[%clk 0:01:34]}  Qxc7 {[%clk 0:01:48]} 26. Qb5 {[%clk 0:01:33]}  Raf8 {[%clk 0:01:46]} 27. Qc6 {[%clk 0:01:00]}  Qf7 {[%clk 0:01:00]} 28. exf5 {[%clk 0:01:00]}  Rxf5 {[%clk 0:01:00]} 29. f4 {[%clk 0:00:11]}  exf4 {[%clk 0:00:56]} 30. g4 {[%clk 0:00:12]}  f3+ {[%clk 0:00:56]} 31. Kf1 {[%clk 0:00:08]}  Re5 {[%clk 0:00:44]} 32. Qxd6 {[%clk 0:00:06]}  Qf4 {[%clk 0:00:43]} 33. Rxe5 {[%clk 0:00:04]}  Bxe5 {[%clk 0:00:43]} 34. Qe6+ {[%clk 0:00:04]}  Kh8 {[%clk 0:00:43]} 35. Re1 {[%clk 0:00:01]}  Bg7 {[%clk 0:00:40]} 36. Qe3 {[%clk 0:00:02]}  Qh2 {[%clk 0:00:39]} 37. Nxf3 {[%clk 0:00:02]}  Bh6 {[%clk 0:00:29]} 38. Qf2 {[%clk 0:00:02]}  Qxh3+ {[%clk 0:00:29]} 39. Ke2 {[%clk 0:00:02]}  Qxg4 {[%clk 0:00:29]} 40. Rf1 {[%clk 0:00:02]}  Qe4+ {[%clk 0:00:29]} 41. Kd1 {[%clk 0:00:02]}  Qb1+ {[%clk 0:00:28]} 42. Ke2 {[%clk 0:00:03]}  Qc2+ {[%clk 0:00:28]} 43. Ke1 {[%clk 0:00:00]}  Re8+ {[%clk 0:00:29]} 0-1

[Event "April 9 Early 2024"]
[Site "Chess.com"]
[Date "2024.04.09"]
[Round "6"]
[White "Shirov, Alexei"]
[Black "Ibadov, Dashgyn"]
[Result "1-0"]
[Board "75"]
[WhiteFideId "2209390"]
[BlackFideId "24107514"]
[WhiteTitle "GM"]
[BlackTitle "IM"]
[WhiteElo "2784"]
[BlackElo "2589"]
[WhiteTeam "ESP"]
[BlackTeam "FID"]
[WhiteClock "0:01:06"]
[BlackClock "0:00:06"]
[Variant "Standard"]

1. e4 {[%clk 0:03:00]}  e6 {[%clk 0:02:51]} 2. d4 {[%clk 0:03:00]}  d5 {[%clk 0:02:52]} 3. e5 {[%clk 0:03:00]}  c5 {[%clk 0:02:52]} 4. c3 {[%clk 0:03:00]}  Qb6 {[%clk 0:02:53]} 5. Nf3 {[%clk 0:03:00]}  Nc6 {[%clk 0:02:53]} 6. a3 {[%clk 0:02:58]}  Nh6 {[%clk 0:02:53]} 7. b4 {[%clk 0:02:57]}  cxd4 {[%clk 0:02:53]} 8. Bxh6 {[%clk 0:02:56]}  gxh6 {[%clk 0:02:54]} 9. cxd4 {[%clk 0:02:56]}  Bd7 {[%clk 0:02:52]} 10. Ra2 {[%clk 0:02:52]}  Rg8 {[%clk 0:02:52]} 11. g3 {[%clk 0:02:36]}  h5 {[%clk 0:02:42]} 12. Be2 {[%clk 0:02:23]}  O-O-O {[%clk 0:02:25]} 13. Nc3 {[%clk 0:02:15]}  Kb8 {[%clk 0:01:55]} 14. Na4 {[%clk 0:02:14]}  Qc7 {[%clk 0:01:56]} 15. Rc2 {[%clk 0:02:14]}  Rc8 {[%clk 0:01:54]} 16. O-O {[%clk 0:02:12]}  Qd8 {[%clk 0:01:52]} 17. Nc5 {[%clk 0:02:11]}  Be7 {[%clk 0:01:47]} 18. Qd3 {[%clk 0:02:05]}  Rg6 {[%clk 0:01:32]} 19. Rfc1 {[%clk 0:02:03]}  Be8 {[%clk 0:01:17]} 20. b5 {[%clk 0:01:38]}  Bxc5 {[%clk 0:01:17]} 21. bxc6 {[%clk 0:01:36]}  Bb6 {[%clk 0:01:11]} 22. cxb7 {[%clk 0:01:34]}  Rxc2 {[%clk 0:01:06]} 23. Rxc2 {[%clk 0:01:33]}  Kxb7 {[%clk 0:01:00]} 24. Nh4 {[%clk 0:01:24]}  Rg8 {[%clk 0:00:47]} 25. Ng2 {[%clk 0:01:22]}  Bd7 {[%clk 0:00:33]} 26. h4 {[%clk 0:01:21]}  Qe7 {[%clk 0:00:33]} 27. Kh2 {[%clk 0:01:19]}  f6 {[%clk 0:00:26]} 28. Bxh5 {[%clk 0:01:11]}  fxe5 {[%clk 0:00:26]} 29. dxe5 {[%clk 0:01:10]}  d4 {[%clk 0:00:08]} 30. Bf3+ {[%clk 0:01:08]}  Kb8 {[%clk 0:00:06]} 31. Qe4 {[%clk 0:01:06]} 1-0